| 000 | 02370nam a2200421 c 4500 | ||
|---|---|---|---|
| 003 | BLK | ||
| 005 | 20180422095642.0 | ||
| 008 | 180413b bul|||||r ||||||| ||bul|| | ||
| 010 | _aKNG00029166000 | ||
| 020 |
_a954-712-048-4 _bиздат.: Русенски унив. Ангел Кънчев |
||
| 040 | _aBLK | ||
| 041 |
_aBUL _cBUL |
||
| 080 |
_aФорми на предприятията в зависимост от отношението към собствеността... _b334.72 _x.008.5(075.8) _z334.72.008.5(075.8) |
||
| 080 |
_a _b338.26/.27 _x(075.8) _z338.26/.27(075.8) |
||
| 080 |
_aМетоди на управление. Мениджмънт. Анализи, планиране, ръководство, сътрудничество, контрол, коопериране и др. _b005.5 _x(075.8) _z005.5(075.8) |
||
| 100 | 1 |
_aПапазов, Кръстю Игнатов _eпърви автор _9268827 |
|
| 700 | 1 |
_aПапазов, Емил Кръстев _eсъавт. _9268828 |
|
| 700 | 1 |
_aИванова, Боряна Георгиева _eсъавт. _9364281 |
|
| 139 |
_aПапазов, Кръстю Игнатов и др. _bП 21 |
||
| 245 | 1 | 0 |
_aРъководство за семинарни упражнения по прогнозиране и планиране _bТестове, казуси, задачи _cКръстю Игнатов Папазов; съавт. Емил Кръстев Папазов; съавт. Боряна Георгиева Иванова. |
| 257 | _aBGR | ||
| 260 |
_аРусе _bРусенски унив. Ангел Кънчев _c1999 |
||
| 300 |
_a70 с. _bс табл. _c20 см |
||
| 380 | _a3 | ||
| 500 | _aИзд. на Русенския унив. Ангел Кънчев. Кат. Бизнес и мениджмънт. - Библиогр. след отд. теми. | ||
| 650 | 4 |
_aФирми - планиране и прогнозиране _9266283 |
|
| 650 | 4 |
_aСтопанство - планиране и прогнозиране _9262257 |
|
| 653 | _aупражнения | ||
| 653 | _aпрогнозиране | ||
| 653 | _aпланиране | ||
| 653 | _aикономика | ||
| 653 | _aръководства | ||
| 852 | _aЦб 201968 | ||
| 856 | 4 |
_qpdf _u |
|
| 856 | 4 |
_qpdf _u |
|
| 942 |
_cKNG _n0 |
||
| 944 |
_aCR _c15.01.2003 _lф / _kПенка_Димитрова |
||
| 944 |
_aED _c07.05.2015 _lф / _kЛюдмила_Стоянова |
||
| 999 |
_c26613 _d26613 |
||